[Event "Tenerife Navidad op 24th"]
[Site "Tenerife"]
[Date "2013.12.23"]
[Round "7"]
[White "Saumweber, Walter"]
[Black "Basualdo Almada, Humberto Agusti"]
[Result "1-0"]
[WhiteElo "2099"]
[BlackElo "1774"]
[PlyCount "55"]
[EventDate "2013.12.13"]
[EventType "swiss"]
[EventRounds "9"]
[EventCountry "ESP"]
[SourceTitle "CBM 158 Extra"]
[Source "ChessBase"]
[SourceDate "2014.02.28"]
[SourceVersion "1"]
[SourceVersionDate "2014.02.28"]
[SourceQuality "1"]

1. c4 Nf6 2. g3 g6 3. Bg2 Bg7 4. Nc3 0-0 5. e4 d6 6. Nge2 e5 7. 0-0 Nbd7 8. d3 a5 9. h3 Nc5 10. Be3 Be6 11. f4 exf4 12. Nxf4 Ncd7 13. Qd2 c6 14. Rf2 Qc7 15. Rc1 Nb6 16. g4 Rae8 17. c5 Nc8 18. cxd6 Qxd6 19. d4 Qd8 20. d5 cxd5 21. exd5 Bd7 22. Bc5 Ne7 23. g5 Nh5 24. Nxh5 gxh5 25. Ne4 Nf5 26. Bxf8 Kxf8 27. Rcf1 Bd4 28. Qxd4 1-0

[Event "Tenerife Navidad op 24th"]
[Site "Tenerife"]
[Date "2013.12.18"]
[Round "4"]
[White "Rodriguez Govea, Elizabeth"]
[Black "Basualdo Almada, Humberto Agusti"]
[Result "1/2-1/2"]
[WhiteElo "1537"]
[BlackElo "1774"]
[PlyCount "135"]
[EventDate "2013.12.13"]
[EventType "swiss"]
[EventRounds "9"]
[EventCountry "ESP"]
[SourceTitle "CBM 158 Extra"]
[Source "ChessBase"]
[SourceDate "2014.02.28"]
[SourceVersion "1"]
[SourceVersionDate "2014.02.28"]
[SourceQuality "1"]

1. e4 c5 2. d3 Nc6 3. Nf3 d6 4. g3 g6 5. Bg2 Bg7 6. 0-0 Nf6 7. Nbd2 0-0 8. Re1 Qc7 9. c3 Bg4 10. a4 Rac8 11. Nc4 Ne5 12. Ncxe5 dxe5 13. h3 Bd7 14. Bg5 Bc6 15. Bxf6 Bxf6 16. h4 Rfd8 17. g4 Qd7 18. g5 Bg7 19. Bf1 Qg4+ 20. Kh2 Qf4+ 21. Kh1 Bd7 22. Qe2 Bg4 23. Kg2 Rd6 24. Qe3 Bxf3+ 25. Qxf3 Qxh4 26. Qg3 Qxg3+ 27. Kxg3 h6 28. gxh6 Bxh6 29. Be2 Bf4+ 30. Kg2 Rcd8 31. Rab1 Kg7 32. b4 cxb4 33. Rxb4 b6 34. Rc4 Kf6 35. Rc7 R6d7 36. Rc6+ e6 37. Rh1 Kg7 38. Kg1 Rh8 39. Rxh8 Kxh8 40. Rc8+ Kg7 41. Kg2 Kf6 42. Kf3 Bd2 43. Kg4 Ke7 44. Kf3 Kd6 45. d4 exd4 46. cxd4 Rc7 47. Rxc7 Kxc7 48. d5 Kd6 49. dxe6 Kxe6 50. Bc4+ Ke7 51. Ke2 Bb4 52. Kd3 f6 53. f3 Kd6 54. Bd5 Ke5 55. Bf7 g5 56. Bg6 a6 57. Bf5 Kf4 58. Bg4 b5 59. axb5 axb5 60. Kc2 Bc5 61. Kc3 Ke3 62. Kb3 Kd4 63. Bh5 Ke5 64. Bg4 Kf4 65. Bh5 f5 66. exf5 Kxf5 67. Bg4+ Kf4 68. Bh5 1/2-1/2

[Event "Santa Cruz de Tenerife Amistad op"]
[Site "Santa Cruz de Tenerife"]
[Date "2013.09.21"]
[Round "7"]
[White "Perez Celis, Alba"]
[Black "Basualdo Almada, Humberto Agusti"]
[Result "1-0"]
[WhiteElo "1804"]
[BlackElo "1765"]
[PlyCount "85"]
[EventDate "2013.09.09"]
[EventType "swiss"]
[EventRounds "7"]
[EventCountry "ESP"]
[SourceTitle "CBM 156 Extra"]
[Source "ChessBase"]
[SourceDate "2013.10.22"]
[SourceVersion "1"]
[SourceVersionDate "2013.10.22"]
[SourceQuality "1"]

1. e4 c5 2. Ne2 Nc6 3. Nbc3 Nf6 4. g3 d5 5. exd5 Nxd5 6. Bg2 e6 7. 0-0 Be7 8. d3 0-0 9. Nf4 Nxf4 10. Bxf4 e5 11. Be3 Be6 12. Ne4 Qb6 13. b3 Nd4 14. c3 Nf5 15. Bd2 Rad8 16. Qe2 Qa6 17. c4 f6 18. Nc3 Nd4 19. Qd1 Rd7 20. Nd5 Rfd8 21. Be3 Bf8 22. Re1 Nf5 23. Qh5 Ne7 24. Bxc5 Nxd5 25. Bxf8 Rxf8 26. cxd5 Bxd5 27. Bxd5+ Rxd5 28. Rac1 Qd6 29. Re4 Rxd3 30. Rec4 Rd8 31. Rc8 Qd7 32. R8c7 Rd1+ 33. Qxd1 Qxd1+ 34. Rxd1 Rxd1+ 35. Kg2 Rd2 36. a4 e4 37. Kf1 e3 38. fxe3 Rxh2 39. Rxb7 Rb2 40. b4 a5 41. b5 Ra2 42. b6 Rxa4 43. Rc7 1-0

[Event "Santa Cruz de Tenerife Amistad op"]
[Site "Santa Cruz de Tenerife"]
[Date "2013.09.20"]
[Round "6"]
[White "Martinez Morina, Manel"]
[Black "Basualdo Almada, Humberto Agusti"]
[Result "1-0"]
[WhiteElo "1970"]
[BlackElo "1765"]
[PlyCount "103"]
[EventDate "2013.09.09"]
[EventType "swiss"]
[EventRounds "7"]
[EventCountry "ESP"]
[SourceTitle "CBM 156 Extra"]
[Source "ChessBase"]
[SourceDate "2013.10.22"]
[SourceVersion "1"]
[SourceVersionDate "2013.10.22"]
[SourceQuality "1"]

1. e4 c5 2. Nf3 d6 3. d4 cxd4 4. Nxd4 Nf6 5. Nc3 g6 6. Bc4 Nc6 7. Be3 Bg7 8. h3 Bd7 9. Bb3 Qa5 10. 0-0 0-0 11. f4 Rac8 12. a3 Rfd8 13. Qf3 Nxd4 14. Bxd4 Bc6 15. Rad1 e6 16. g4 d5 17. e5 Ne4 18. Nxe4 dxe4 19. Qe3 b6 20. f5 Rxd4 21. Rxd4 Bf8 22. fxe6 Qxe5 23. e7 Bxe7 24. Rxf7 Kh8 25. Rxe7 Qxe7 26. Rc4 Qf6 27. Qc3 Qxc3 28. Rxc3 Kg7 29. Bd5 Bd7 30. Rxc8 Bxc8 31. Bxe4 g5 32. Kf2 h6 33. Ke3 Kf6 34. Kd4 Ba6 35. c4 Ke6 36. a4 Kd6 37. b4 Bc8 38. c5+ bxc5+ 39. bxc5+ Kc7 40. Ke5 a5 41. Kf6 Ba6 42. Kg6 Bc4 43. Kxh6 Bb3 44. Kxg5 Bxa4 45. Kf6 Bb3 46. h4 a4 47. Bb1 a3 48. h5 Kc6 49. h6 Kxc5 50. h7 Bc2 51. h8Q Bxb1 52. Qf8+ 1-0

[Event "Santa Cruz de Tenerife Amistad op"]
[Site "Santa Cruz de Tenerife"]
[Date "2013.09.18"]
[Round "5"]
[White "Basualdo Almada, Humberto Agusti"]
[Black "Kraus, Oliver"]
[Result "1-0"]
[WhiteElo "1765"]
[BlackElo "2053"]
[PlyCount "91"]
[EventDate "2013.09.09"]
[EventType "swiss"]
[EventRounds "7"]
[EventCountry "ESP"]
[SourceTitle "CBM 156 Extra"]
[Source "ChessBase"]
[SourceDate "2013.10.22"]
[SourceVersion "1"]
[SourceVersionDate "2013.10.22"]
[SourceQuality "1"]

1. d4 d5 2. c4 c6 3. Nf3 e6 4. e3 Nf6 5. Bd3 Nbd7 6. 0-0 Bd6 7. Nc3 0-0 8. Re1 dxc4 9. Bxc4 e5 10. dxe5 Nxe5 11. Nxe5 Bxe5 12. Qxd8 Rxd8 13. e4 h6 14. h3 b5 15. Bb3 a5 16. a3 Bb7 17. Bc2 Bd4 18. Bf4 Nh5 19. Bh2 Bc8 20. Bb3 a4 21. Ba2 g5 22. Rad1 g4 23. Be5 Bb6 24. Rxd8+ Bxd8 25. Rd1 Be7 26. hxg4 Bxg4 27. f3 Bc8 28. Ne2 Kf8 29. Kf2 Ra7 30. Rh1 Nf6 31. Rxh6 Kg7 32. Rh4 Kg8 33. Rf4 Bc5+ 34. Bd4 Bxd4+ 35. Nxd4 Nh5 36. Rh4 Ng7 37. Nxc6 Rc7 38. Bd5 Be6 39. Ke2 Rd7 40. Nb4 Kf8 41. Rh8+ Ke7 42. Rb8 Nh5 43. Ke3 Nf6 44. Rxb5 Rc7 45. Rb7 Nxd5+ 46. Nxd5+ 1-0

[Event "Santa Cruz de Tenerife Amistad op"]
[Site "Santa Cruz de Tenerife"]
[Date "2013.09.11"]
[Round "2"]
[White "Basualdo Almada, Humberto Agusti"]
[Black "Villavicencio Martinez, Adalberto"]
[Result "0-1"]
[WhiteElo "1765"]
[BlackElo "2321"]
[PlyCount "90"]
[EventDate "2013.09.09"]
[EventType "swiss"]
[EventRounds "7"]
[EventCountry "ESP"]
[SourceTitle "CBM 156 Extra"]
[Source "ChessBase"]
[SourceDate "2013.10.22"]
[SourceVersion "1"]
[SourceVersionDate "2013.10.22"]
[SourceQuality "1"]

1. d4 Nf6 2. c4 c5 3. Nf3 cxd4 4. Nxd4 e5 5. Nf3 Nc6 6. Nc3 Bb4 7. e3 0-0 8. Bd2 e4 9. Nd4 Nxd4 10. exd4 d5 11. Qb3 Ba5 12. cxd5 Ng4 13. h3 e3 14. hxg4 exd2+ 15. Kxd2 Bxg4 16. Bd3 Qg5+ 17. Kc2 Bf5 18. Rad1 Bxd3+ 19. Rxd3 Qxg2 20. Rdh3 Qxf2+ 21. Kb1 h6 22. Qd1 Qf5+ 23. Ka1 Bxc3 24. bxc3 Rad8 25. Qd2 Rd6 26. Rh5 Qe4 27. R1h4 Qf3 28. Qe1 Rxd5 29. Rh3 Qxh5 30. Rxh5 Rxh5 31. Qe4 b5 32. a4 a6 33. a5 Rg5 34. Qb7 Re8 35. Kb2 Rg6 36. Kb3 Ree6 37. c4 bxc4+ 38. Kxc4 Rc6+ 39. Kd5 Rcd6+ 40. Kc5 Rd8 41. Qc7 Rg5+ 42. Kc4 Rgd5 43. Qf4 Rxd4+ 44. Qxd4 Rxd4+ 45. Kxd4 h5 0-1

[Event "Tenerife 08"]
[Site "Tenerife"]
[Date "2013.08.16"]
[Round "9"]
[White "Basualdo Almada, Humberto Agusti"]
[Black "Perez de la Torre, Jorge"]
[Result "1-0"]
[WhiteElo "1760"]
[BlackElo "1642"]
[PlyCount "49"]
[EventDate "2013.07.29"]
[EventType "tourn"]
[EventRounds "9"]
[EventCountry "ESP"]
[SourceTitle "EXT 2014"]
[Source "ChessBase"]
[SourceDate "2013.11.20"]
[SourceVersion "1"]
[SourceVersionDate "2013.11.20"]
[SourceQuality "1"]

1. d4 d5 2. c4 c6 3. Nf3 Nf6 4. Nc3 e6 5. Bg5 h6 6. Bh4 dxc4 7. e4 g5 8. Bg3 b5 9. Be2 Bb7 10. 0-0 Nbd7 11. Qc2 Nh5 12. Rad1 Nxg3 13. hxg3 Bg7 14. d5 exd5 15. exd5 0-0 16. dxc6 Bxc6 17. Nd4 Bxd4 18. Rxd4 Qb6 19. Rd6 Kg7 20. Qf5 Qb7 21. Rfd1 Rad8 22. Bg4 Qc8 23. Nd5 f6 24. Ne7 Qc7 25. Qg6+ 1-0

[Event "Tenerife 08"]
[Site "Tenerife"]
[Date "2013.08.02"]
[Round "3"]
[White "Basualdo Almada, Humberto Agusti"]
[Black "Dos Reis Cabrera, Jose Manuel"]
[Result "1-0"]
[WhiteElo "1760"]
[BlackElo "1292"]
[PlyCount "65"]
[EventDate "2013.07.29"]
[EventType "tourn"]
[EventRounds "9"]
[EventCountry "ESP"]
[SourceTitle "EXT 2014"]
[Source "ChessBase"]
[SourceDate "2013.11.20"]
[SourceVersion "1"]
[SourceVersionDate "2013.11.20"]
[SourceQuality "1"]

1. Nf3 Nc6 2. d4 d5 3. c4 e6 4. Nc3 Nf6 5. Bg5 Be7 6. e3 Ne4 7. Bxe7 Qxe7 8. Nxe4 dxe4 9. Nd2 Qb4 10. Qc2 0-0 11. Be2 e5 12. d5 Ne7 13. a3 Qb6 14. Nxe4 Qg6 15. Bd3 Bf5 16. f3 Qh6 17. Qf2 Rad8 18. 0-0-0 Bg6 19. g4 f5 20. g5 Qh5 21. Nc5 Qxg5 22. Ne6 Qf6 23. Nxd8 Rxd8 24. h4 c6 25. dxc6 Nxc6 26. Qc2 e4 27. fxe4 fxe4 28. Bxe4 Bxe4 29. Rxd8+ Nxd8 30. Qxe4 Ne6 31. Rd1 h6 32. Qxb7 Nc5 33. Qc8+ 1-0

[Event "Tenerife 08"]
[Site "Tenerife"]
[Date "2013.07.31"]
[Round "2"]
[White "Garcia Lorenzo, Jaime"]
[Black "Basualdo Almada, Humberto Agusti"]
[Result "0-1"]
[WhiteElo "1247"]
[BlackElo "1760"]
[PlyCount "96"]
[EventDate "2013.07.29"]
[EventType "tourn"]
[EventRounds "9"]
[EventCountry "ESP"]
[SourceTitle "EXT 2014"]
[Source "ChessBase"]
[SourceDate "2013.11.20"]
[SourceVersion "1"]
[SourceVersionDate "2013.11.20"]
[SourceQuality "1"]

1. c4 c5 2. Nc3 Nf6 3. g3 Nc6 4. Bg2 e6 5. a3 d5 6. cxd5 exd5 7. Nf3 d4 8. Nb1 Be7 9. d3 0-0 10. 0-0 Bg4 11. Bd2 Qd7 12. e3 Rad8 13. Qc2 dxe3 14. Bxe3 Qxd3 15. Qxd3 Rxd3 16. Nbd2 Nd5 17. Ne1 Nxe3 18. Nxd3 Nxf1 19. Nxf1 Rd8 20. Nf4 Bf6 21. Ne3 Bc8 22. Rb1 Rd2 23. Nc4 Rc2 24. Re1 Bd7 25. Bh3 Rxc4 26. Bxd7 Ne5 27. Kg2 Nxd7 28. Nd5 h6 29. h3 Rd4 30. Nf4 Kf8 31. Ne2 Rd2 32. b4 c4 33. Kf1 c3 34. Rc1 Ra2 35. Nxc3 Rxa3 36. Nd1 Ke7 37. Kg2 Rb3 38. Ne3 Ke6 39. Rc4 Be5 40. Re4 f5 41. Rh4 Nf6 42. Rc4 Rc3 43. Kf3 Rxc4 44. Nxc4 b5 45. Na5 Kd5 46. Ke3 Bc3 47. Nb3 Bxb4 48. Nd4 Bc5 0-1

[Event "Tenerife-ch Veterans"]
[Site "Santa Cruz de Tenerife"]
[Date "2013.04.17"]
[Round "8"]
[White "Basualdo Almada, Humberto Agusti"]
[Black "Gonzalez Martin, Jose"]
[Result "1-0"]
[WhiteElo "1750"]
[BlackElo "1660"]
[PlyCount "55"]
[EventDate "2013.04.01"]
[EventType "tourn"]
[EventRounds "9"]
[EventCountry "ESP"]
[SourceTitle "EXT 2015"]
[Source "ChessBase"]
[SourceDate "2014.11.20"]
[SourceVersion "1"]
[SourceVersionDate "2014.11.20"]
[SourceQuality "1"]

1. d4 Nf6 2. Nf3 e6 3. Bg5 d5 4. e3 Nbd7 5. Bd3 c5 6. c3 Qb6 7. Qc2 c4 8. Be2 Bd6 9. Nbd2 Qc7 10. 0-0 Ng4 11. h3 h5 12. e4 Bf4 13. e5 Bxg5 14. Nxg5 Ndxe5 15. dxe5 Qxe5 16. Ndf3 Qc7 17. Rad1 Rh6 18. Rfe1 f6 19. Ne4 dxe4 20. Qxe4 f5 21. Qxc4 Qxc4 22. Bxc4 Bd7 23. hxg4 hxg4 24. Ne5 0-0-0 25. Nf7 Rdh8 26. Nxh8 Rxh8 27. Bxe6 Bxe6 28. Rxe6 1-0

[Event "Tenerife-ch Veterans"]
[Site "Santa Cruz de Tenerife"]
[Date "2013.04.15"]
[Round "7"]
[White "Cordero Alamo, Ramon"]
[Black "Basualdo Almada, Humberto Agusti"]
[Result "1-0"]
[WhiteElo "1529"]
[BlackElo "1750"]
[PlyCount "97"]
[EventDate "2013.04.01"]
[EventType "tourn"]
[EventRounds "9"]
[EventCountry "ESP"]
[SourceTitle "EXT 2015"]
[Source "ChessBase"]
[SourceDate "2014.11.20"]
[SourceVersion "1"]
[SourceVersionDate "2014.11.20"]
[SourceQuality "1"]

1. d4 Nf6 2. c4 g6 3. Nc3 Bg7 4. e4 d6 5. Be2 0-0 6. Bg5 Nbd7 7. Nf3 c5 8. d5 a6 9. 0-0 Qc7 10. Qc1 Rb8 11. Bh6 Re8 12. Bxg7 Kxg7 13. Re1 Nf8 14. a4 Bg4 15. Nd2 Bxe2 16. Nxe2 b5 17. axb5 axb5 18. b3 N8d7 19. Qc3 bxc4 20. bxc4 Rb4 21. Ng3 Reb8 22. f4 Kg8 23. e5 dxe5 24. fxe5 Ne8 25. e6 Ndf6 26. exf7+ Kxf7 27. Re6 R8b6 28. Rae1 Rxe6 29. Rxe6 Rb6 30. Nge4 Rxe6 31. Ng5+ Kg8 32. Nxe6 Qd6 33. Qh3 Ng7 34. Nxg7 Kxg7 35. Qd3 e6 36. Ne4 Qf4 37. Nxc5 Kh6 38. Nxe6 Qh4 39. Qe3+ g5 40. g3 Qxh2+ 41. Kxh2 Ng4+ 42. Kh3 Nxe3 43. d6 g4+ 44. Kh2 Nxc4 45. d7 Ne5 46. d8Q Nf7 47. Qf6+ Kh5 48. Qxf7+ Kh6 49. Qg7+ 1-0

[Event "Tenerife-ch Veterans"]
[Site "Santa Cruz de Tenerife"]
[Date "2013.04.03"]
[Round "2"]
[White "Garcia Lorenzo, Jaime"]
[Black "Basualdo Almada, Humberto Agusti"]
[Result "0-1"]
[WhiteElo "1250"]
[BlackElo "1750"]
[PlyCount "78"]
[EventDate "2013.04.01"]
[EventType "tourn"]
[EventRounds "9"]
[EventCountry "ESP"]
[SourceTitle "EXT 2015"]
[Source "ChessBase"]
[SourceDate "2014.11.20"]
[SourceVersion "1"]
[SourceVersionDate "2014.11.20"]
[SourceQuality "1"]

1. c4 Nf6 2. Nf3 g6 3. Nc3 Bg7 4. g3 c5 5. Bg2 0-0 6. 0-0 Nc6 7. a3 d6 8. d3 Bg4 9. Rb1 a5 10. h3 Bd7 11. Re1 Rb8 12. e4 Re8 13. Bf4 Nh5 14. Be3 Nd4 15. b4 Nxf3+ 16. Bxf3 Bxc3 17. Re2 Ng7 18. bxc5 Bxh3 19. Rc2 Bf6 20. g4 dxc5 21. Kh2 Bxg4 22. Bxg4 Qd6+ 23. Kg1 Red8 24. Be2 Ne6 25. Qd2 Nd4 26. Bxd4 Bxd4 27. Bf3 Be5 28. a4 Qxd3 29. Qxd3 Rxd3 30. Kg2 Ra3 31. Rd2 Bd4 32. e5 Rxa4 33. Be2 Rb4 34. Rh1 a4 35. Rd3 Rb3 36. Rd2 a3 37. Bd1 Rb2 38. Re2 Rxe2 39. Bxe2 a2 0-1

[Event "Tenerife-ch"]
[Site "Santa Cruz de Tenerife"]
[Date "2013.03.11"]
[Round "6"]
[White "Basualdo Almada, Humberto Agusti"]
[Black "Gonzalez Herrera, Josue"]
[Result "1-0"]
[WhiteElo "1799"]
[BlackElo "1459"]
[PlyCount "79"]
[EventDate "2013.03.04"]
[EventType "swiss"]
[EventRounds "9"]
[EventCountry "ESP"]
[SourceTitle "CBM 153 Extra"]
[Source "ChessBase"]
[SourceDate "2013.04.22"]
[SourceVersion "1"]
[SourceVersionDate "2013.04.22"]
[SourceQuality "1"]

1. Nf3 g6 2. d4 Bg7 3. c4 Nf6 4. Nc3 d6 5. e4 0-0 6. h3 Nc6 7. Be2 Re8 8. Bg5 e5 9. d5 Ne7 10. Qd2 c6 11. 0-0 Qc7 12. Rfd1 c5 13. Nb5 Qd8 14. Bd3 a6 15. Nc3 Rb8 16. Rab1 Nd7 17. Ne1 f6 18. Be3 Rf8 19. Bf1 f5 20. f3 f4 21. Bf2 Nf6 22. Nd3 Bd7 23. b4 b6 24. bxc5 bxc5 25. Rxb8 Qxb8 26. Rb1 Qc7 27. Qb2 Bc8 28. Qb6 Qxb6 29. Rxb6 Rd8 30. Bh4 h6 31. Be2 g5 32. Be1 Ne8 33. Bd1 Kf8 34. Ba4 Nc7 35. Rb8 Kf7 36. Ne2 Rg8 37. Ba5 Ne8 38. Rb6 Bf8 39. Bxe8+ Kxe8 40. Rxd6 1-0

[Event "Tenerife-ch"]
[Site "Santa Cruz de Tenerife"]
[Date "2013.03.04"]
[Round "1"]
[White "Perez Perez, Gabriel"]
[Black "Basualdo Almada, Humberto Agusti"]
[Result "0-1"]
[WhiteElo "1349"]
[BlackElo "1799"]
[PlyCount "90"]
[EventDate "2013.03.04"]
[EventType "swiss"]
[EventRounds "9"]
[EventCountry "ESP"]
[SourceTitle "CBM 153 Extra"]
[Source "ChessBase"]
[SourceDate "2013.04.22"]
[SourceVersion "1"]
[SourceVersionDate "2013.04.22"]
[SourceQuality "1"]

1. e4 c5 2. Nf3 d6 3. d4 cxd4 4. Nxd4 Nf6 5. Nc3 g6 6. Be3 Bg7 7. Be2 Nc6 8. 0-0 0-0 9. Re1 Bd7 10. Qd2 Rc8 11. Rad1 Re8 12. f3 a6 13. a3 Ne5 14. Nb3 Nc4 15. Bxc4 Rxc4 16. Qd3 Rc8 17. Bg5 Be6 18. Qe3 Bxb3 19. cxb3 Qa5 20. Bh6 Bxh6 21. Qxh6 Qb6+ 22. Kh1 Qxb3 23. Rb1 Rc5 24. Ne2 Rec8 25. Qh4 Qb6 26. Nc3 Rh5 27. Qg3 Qd4 28. Ne2 Qe5 29. Qxe5 Rxe5 30. Nd4 d5 31. exd5 Rxe1+ 32. Rxe1 Nxd5 33. h3 e6 34. Rb1 Rc4 35. Nb3 Rc2 36. Nd4 Rc4 37. Nb3 b6 38. Na1 a5 39. b3 Rd4 40. Kh2 Rd2 41. Kh1 Nf4 42. Rg1 Ra2 43. a4 Nxg2 44. Rxg2 Rxa1+ 45. Kh2 Rb1 0-1

[Event "Tenerife op 23rd"]
[Site "Tenerife"]
[Date "2012.12.26"]
[Round "8"]
[White "Basualdo Almada, Humberto Agusti"]
[Black "Pinto Henriquez, Rodrigo"]
[Result "0-1"]
[WhiteElo "1805"]
[BlackElo "2163"]
[PlyCount "88"]
[EventDate "2012.12.13"]
[EventType "swiss"]
[EventRounds "9"]
[EventCountry "ESP"]
[SourceTitle "CBM 152 Extra"]
[Source "ChessBase"]
[SourceDate "2013.02.25"]
[SourceVersion "1"]
[SourceVersionDate "2013.02.25"]
[SourceQuality "1"]

1. Nf3 c5 2. c4 Nf6 3. Nc3 g6 4. d4 Bg7 5. e4 0-0 6. Be2 d6 7. 0-0 Nc6 8. d5 Ne5 9. Nxe5 dxe5 10. Be3 b6 11. a3 Bd7 12. b4 Qc7 13. bxc5 bxc5 14. Qc2 a6 15. f3 Rfb8 16. Rfb1 Bf8 17. Na4 e6 18. Bd1 Nh5 19. Qf2 Nf4 20. Bxf4 exf4 21. Nb2 Bg7 22. Qc2 exd5 23. cxd5 c4 24. Nxc4 Rc8 25. Be2 Bb5 26. Ra2 Bxc4 27. Bxc4 Qxc4 28. Qxc4 Rxc4 29. a4 Rac8 30. h4 Rc1+ 31. Rxc1 Rxc1+ 32. Kf2 Ra1 33. Rxa1 Bxa1 34. h5 Kf8 35. g3 Be5 36. g4 gxh5 37. gxh5 Kg7 38. Ke2 Kh6 39. Kd3 Kxh5 40. Kc4 Kg6 41. Kc5 h5 42. d6 Kf6 43. Kd5 Bxd6 44. Kxd6 h4 0-1